| 000 | 01500nam a2200313 a 4500 | ||
|---|---|---|---|
| 003 | BLK | ||
| 005 | 20250510140344.0 | ||
| 008 | 180409b bul|||||r ||||||| ||bul|| | ||
| 020 | _a9789546854698 | ||
| 040 | _aBLK | ||
| 041 |
_aENG _cBUL _hBUL |
||
| 080 |
_aЛексикология. Езикови речници и разговорници. Лексикография _b81`374 _x=111=163.2:087.5 _z81`374=111=163.2:087.5 |
||
| 080 |
_aАнглийски език - учебни предмети _b373.3.016:811.111 _z373.3.016:811.111 _9226880 |
||
| 245 | 1 | 0 |
_aПървите 1000 думи на английски _bКартинен речник + произношения _cпрев. Цонка Казакова |
| 257 | _aGBR | ||
| 260 |
_aСофия _bСофтПрес _c2006 |
||
| 300 |
_a64 с. _bс цв. ил. _c31 см |
||
| 380 | _aDN | ||
| 500 | _aОриг. загл.: First thousand words in English. - 1. изд. 2007 по доп. сведения. - Предм. показалец. - Доп. тир. 2012 | ||
| 650 | 7 |
_aАнглийски език - речници _9147024 |
|
| 653 | _aкартинни речници | ||
| 653 | _aлитература за деца | ||
| 653 | _aдетска литература | ||
| 700 |
_aКазакова, Цонка _9320859 |
||
| 852 |
_bД _cДН 373.3.016/П 97 |
||
| 942 |
_cKNG _n0 _03 _s1 |
||
| 944 |
_aCR _c2021-06-15 _k30564 _lАнна Гръцманова |
||
| 999 |
_c419933 _d419933 |
||